000 00302nam a22001337a 4500
008 170908b xxu||||| |||| 00| 0 eng d
020 _a2900470398172
041 _aeng
080 _a91
100 _a91
101 _aGEO
245 _aGEOGRAPHIC INFORMATION SYSTEMS
_cKENNEDY.M
942 _2udc
_cBK
999 _c26861
_d26861